[Event "24th Klatovy A 2016"]
[Site "Klatovy CZE"]
[Date "2016.07.04"]
[Round "3.14"]
[White "Taborsky, Rostislav"]
[Black "Brunova, Blanka"]
[Result "1-0"]
[WhiteElo "2180"]
[BlackElo "1880"]
[PlyCount "83"]
[EventDate "2016.07.02"]
[EventType "swiss"]
[EventRounds "9"]
[EventCountry "CZE"]

1. d4 Nf6 2. c4 g6 3. Nc3 Bg7 4. e4 O-O 5. Be2 d6 6. Bg5 Na6 7. Qd2 e5 8. d5 Qe8 9. Bd1 Nc5 10. Bc2 a5 11. Nge2 Nh5 12. f3 f5 13. O-O-O f4 14. Bh4 Bd7 15. Kb1 Rb8 16. Bf2 b5 17. cxb5 Bxb5 18. Bxc5 dxc5 19. d6 cxd6 20. Qxd6 Qc8 21. Nxb5 Rxb5 22. Nc3 Rb7 23. Bb3+ Kh8 24. Rd2 c4 25. Ba4 Nf6 26. Rhd1 Ne8 27. Bxe8 Rxe8 28. Qd8 Bf8 29. Qxc8 Rxc8 30. Rd8 Rbb8 31. Rxc8 Rxc8 32. Rd7 Bb4 33. Nd5 Rc6 34. Kc2 Bc5 35. Rc7 Rxc7 36. Nxc7 Kg8 37. Kc3 Bd4+ 38. Kxc4 Bxb2 39. a4 Kf7 40. Kb5 Bc3 41. Nd5 Be1 42. Nb6 1-0

[Event "24th Klatovy A 2016"]
[Site "Klatovy CZE"]
[Date "2016.07.04"]
[Round "3.15"]
[White "Stolc, Martin"]
[Black "Chalupa, Ivan"]
[Result "1-0"]
[WhiteElo "2042"]
[BlackElo "2175"]
[PlyCount "85"]
[EventDate "2016.07.02"]
[EventType "swiss"]
[EventRounds "9"]
[EventCountry "CZE"]

1. f4 d5 2. Nf3 c5 3. g3 Nc6 4. Bg2 e6 5. d3 d4 6. e4 dxe3 7. Bxe3 Nf6 8. Nbd2 Qc7 9. b3 Be7 10. Qe2 O-O 11. c3 b6 12. O-O Bb7 13. Rad1 Rad8 14. Nc4 Nd7 15. Rfe1 Bf6 16. h4 Rfe8 17. Ng5 h6 18. Ne4 Be7 19. a4 Bf8 20. Qc2 Kh8 21. Nf2 Nf6 22. Bc1 Nh5 23. Kh2 e5 24. Nh3 Nf6 25. Bf3 Nd4 26. cxd4 Bxf3 27. dxe5 Ng4+ 28. Kg1 f6 29. Nf2 fxe5 30. Nxg4 Bxg4 31. Nxe5 Bxd1 32. Rxd1 Rxe5 33. fxe5 Qxe5 34. Qf2 Qd5 35. Bf4 Bd6 36. Bxh6 gxh6 37. Qf6+ Kh7 38. Qxd8 Qf3 39. Qd7+ Kh8 40. Qe8+ Kg7 41. Rd2 Bxg3 42. h5 Kf6 43. Qf8+ 1-0

[Event "24th Klatovy A 2016"]
[Site "Klatovy CZE"]
[Date "2016.07.04"]
[Round "3.16"]
[White "Molkanov, Oleg 2001"]
[Black "Kuba, Stanislav"]
[Result "0-1"]
[WhiteElo "1860"]
[BlackElo "2156"]
[PlyCount "52"]
[EventDate "2016.07.02"]
[EventType "swiss"]
[EventRounds "9"]
[EventCountry "CZE"]

1. d4 Nf6 2. c4 c6 3. Nc3 d5 4. Nf3 e6 5. Qc2 dxc4 6. a4 Na6 7. Bg5 Qa5 8. Bd2 Nb4 9. Qb1 b6 10. Ne5 Ba6 11. e3 c5 12. Ne4 Rc8 13. dxc5 Nxe4 14. Qxe4 Qxc5 15. Bc3 f5 16. Qb1 Bd6 17. Nf3 O-O 18. Be2 e5 19. O-O Bb7 20. Ng5 h6 21. Nf3 Be4 22. Qd1 Rcd8 23. Nd2 Bd3 24. Bxd3 Nxd3 25. a5 b5 26. Qe2 b4 0-1

[Event "24th Klatovy A 2016"]
[Site "Klatovy CZE"]
[Date "2016.07.04"]
[Round "3.17"]
[White "Kozak, Milos"]
[Black "Kunc, Jan"]
[Result "1-0"]
[WhiteElo "2152"]
[BlackElo "1798"]
[PlyCount "79"]
[EventDate "2016.07.02"]
[EventType "swiss"]
[EventRounds "9"]
[EventCountry "CZE"]

1. d4 Nf6 2. c4 g6 3. g3 Bg7 4. Bg2 O-O 5. Nc3 d6 6. Nf3 Nc6 7. b3 e5 8. dxe5 dxe5 9. Bb2 a6 10. Nd2 Nd4 11. e3 Ne6 12. O-O Rb8 13. Qe2 b6 14. Rfd1 Qe7 15. Nde4 Nxe4 16. Nd5 Qe8 17. Bxe4 f5 18. Bg2 Bb7 19. Rd2 Rf7 20. Rad1 Kh8 21. f4 e4 22. Bxg7+ Kxg7 23. g4 Bxd5 24. Rxd5 Nc5 25. gxf5 gxf5 26. Bh3 Qe6 27. Re5 Qg6+ 28. Kh1 Kh8 29. Rg1 Qh6 30. Rxf5 Rxf5 31. Bxf5 Rf8 32. Rg5 Qf6 33. Qh5 Rf7 34. Bxh7 Qxg5 35. fxg5 Rxh7 36. Qe8+ Kg7 37. g6 Rh8 38. Qf7+ Kh6 39. h4 a5 40. g7 1-0

[Event "24th Klatovy A 2016"]
[Site "Klatovy CZE"]
[Date "2016.07.04"]
[Round "3.18"]
[White "Soural, Jan"]
[Black "Cekan, Petr1"]
[Result "1-0"]
[WhiteElo "2231"]
[BlackElo "1993"]
[PlyCount "59"]
[EventDate "2016.07.02"]
[EventType "swiss"]
[EventRounds "9"]
[EventCountry "CZE"]

1. d4 Nf6 2. c4 g6 3. Nc3 Bg7 4. e4 d6 5. Nf3 O-O 6. Be2 e5 7. O-O exd4 8. Nxd4 Re8 9. f3 c6 10. Nc2 Na6 11. Be3 d5 12. cxd5 cxd5 13. Bxa6 bxa6 14. exd5 Bf5 15. Bf2 Qc7 16. Nd4 Bd7 17. Rc1 Qb7 18. Qb3 Rab8 19. Qxb7 Rxb7 20. Nb3 Rd8 21. Rfe1 Bb5 22. Nc5 Rc7 23. Nxb5 axb5 24. d6 Rc6 25. Nb7 Rxc1 26. Rxc1 Rb8 27. Bd4 Kf8 28. Na5 a6 29. Rc6 Ne8 30. Bc5 1-0

[Event "24th Klatovy A 2016"]
[Site "Klatovy CZE"]
[Date "2016.07.04"]
[Round "3.19"]
[White "Jelinek, Michal"]
[Black "Holy, Filip"]
[Result "1-0"]
[WhiteElo "2176"]
[BlackElo "1977"]
[PlyCount "55"]
[EventDate "2016.07.02"]
[EventType "swiss"]
[EventRounds "9"]
[EventCountry "CZE"]

1. d4 d5 2. c4 c6 3. Nf3 Nf6 4. Nc3 a6 5. e3 b5 6. b3 Bg4 7. Be2 Nbd7 8. O-O Qb8 9. h3 Bh5 10. Qc2 e6 11. cxd5 cxd5 12. Bb2 Be7 13. Ne5 Bxe2 14. Nxe2 Nxe5 15. dxe5 Nd7 16. Rac1 O-O 17. Qc7 Ra7 18. Qxb8 Nxb8 19. Rc2 Rd8 20. Nd4 Kf8 21. Rfc1 Ke8 22. Kf1 Kd7 23. Ke2 f6 24. Nc6 Nxc6 25. Rxc6 Rda8 26. Kd3 Rb7 27. Bd4 f5 28. Bb6 1-0

[Event "24th Klatovy A 2016"]
[Site "Klatovy CZE"]
[Date "2016.07.04"]
[Round "3.20"]
[White "Filipi, Stepan"]
[Black "Sibl, Vaclav"]
[Result "1-0"]
[WhiteElo "2164"]
[BlackElo "1970"]
[PlyCount "47"]
[EventDate "2016.07.02"]
[EventType "swiss"]
[EventRounds "9"]
[EventCountry "CZE"]

1. e4 d6 2. d4 Nf6 3. Nc3 e5 4. dxe5 dxe5 5. Qxd8+ Kxd8 6. Bg5 Bd6 7. O-O-O h6 8. Bh4 g5 9. Bg3 Ke7 10. h4 g4 11. h5 c6 12. Bh4 Bc7 13. Nge2 Be6 14. Ng3 Nbd7 15. Nf5+ Bxf5 16. exf5 Kf8 17. Be2 Ke8 18. f3 Rg8 19. Rhe1 b5 20. fxg4 Nxg4 21. Bf3 f6 22. Bxc6 Rd8 23. Nd5 Bb6 24. Bxf6 1-0

[Event "24th Klatovy A 2016"]
[Site "Klatovy CZE"]
[Date "2016.07.04"]
[Round "3.21"]
[White "Van der Hoeven, Gerben"]
[Black "Simunek, Filip"]
[Result "1-0"]
[WhiteElo "1968"]
[BlackElo "2143"]
[PlyCount "81"]
[EventDate "2016.07.02"]
[EventType "swiss"]
[EventRounds "9"]
[EventCountry "CZE"]

1. c4 Nf6 2. Nc3 e5 3. Nf3 Nc6 4. g3 d5 5. cxd5 Nxd5 6. d3 Nb6 7. Bg2 Be7 8. a4 a5 9. O-O Be6 10. Be3 Nd5 11. Bd2 Ndb4 12. Nb5 O-O 13. Bc3 f6 14. d4 e4 15. Nd2 f5 16. g4 g6 17. gxf5 gxf5 18. e3 Nd5 19. Qh5 Rf7 20. Kh1 Nf6 21. Qh3 Qd7 22. Qg3+ Rg7 23. Qxc7 Qe8 24. h3 Nd5 25. Qh2 Bh4 26. Rac1 Qg6 27. Nd6 Kh8 28. N2xe4 fxe4 29. Bxe4 Qh5 30. Rg1 Rag8 31. Rxg7 Rxg7 32. Rg1 Rxg1+ 33. Kxg1 Qd1+ 34. Kg2 Qe2 35. Qg1 Nxe3+ 36. Kh1 Nd5 37. f3 b6 38. Ne8 Bf6 39. Nxf6 Nxf6 40. d5 Bxd5 41. Bxf6# 1-0

[Event "24th Klatovy A 2016"]
[Site "Klatovy CZE"]
[Date "2016.07.04"]
[Round "3.22"]
[White "Routner, Jakub"]
[Black "Neuman Zakoucka, Adela 1987"]
[Result "1-0"]
[WhiteElo "2130"]
[BlackElo "1969"]
[PlyCount "55"]
[EventDate "2016.07.02"]
[EventType "swiss"]
[EventRounds "9"]
[EventCountry "CZE"]

1. e4 c5 2. Nc3 Nc6 3. g3 g6 4. Bg2 Bg7 5. d3 e6 6. Be3 d6 7. Qd2 Nge7 8. Bh6 O-O 9. h4 Nd4 10. O-O-O b5 11. h5 Rb8 12. hxg6 fxg6 13. Bxg7 Kxg7 14. Qh6+ Kf7 15. Qxh7+ Ke8 16. f4 Kd7 17. Nce2 Ndc6 18. d4 c4 19. d5 exd5 20. exd5 Nb4 21. a3 Na2+ 22. Kb1 b4 23. Kxa2 bxa3 24. b3 Ba6 25. Nd4 Qc7 26. Nc6 cxb3+ 27. cxb3 Ke8 28. Re1 1-0

[Event "24th Klatovy A 2016"]
[Site "Klatovy CZE"]
[Date "2016.07.04"]
[Round "3.23"]
[White "Lhotsky, Zdenek"]
[Black "Chmel, Kristian"]
[Result "0-1"]
[WhiteElo "1853"]
[BlackElo "2114"]
[PlyCount "46"]
[EventDate "2016.07.02"]
[EventType "swiss"]
[EventRounds "9"]
[EventCountry "CZE"]

1. e4 c5 2. Nf3 d6 3. d4 cxd4 4. Nxd4 Nf6 5. Nc3 a6 6. Be3 e5 7. Nb3 Be6 8. f3 Be7 9. Qd2 Nbd7 10. O-O-O O-O 11. g4 b5 12. g5 b4 13. Ne2 Ne8 14. Kb1 a5 15. h4 Nc7 16. Bh3 Qb8 17. f4 Bxh3 18. Rxh3 a4 19. Nbc1 Rc8 20. f5 Nc5 21. Ng3 Nb5 22. Qxb4 Na6 23. Qd2 Na3+ 0-1

[Event "24th Klatovy A 2016"]
[Site "Klatovy CZE"]
[Date "2016.07.04"]
[Round "3.24"]
[White "Horak, Martin"]
[Black "Krauskopfova, Lenka 1996"]
[Result "1-0"]
[WhiteElo "2107"]
[BlackElo "1961"]
[PlyCount "67"]
[EventDate "2016.07.02"]
[EventType "swiss"]
[EventRounds "9"]
[EventCountry "CZE"]

1. e4 c5 2. Nf3 Nc6 3. d4 cxd4 4. Nxd4 g6 5. Nc3 Bg7 6. Nb3 Nf6 7. Be2 O-O 8. O-O d6 9. Bg5 Be6 10. f4 Qc8 11. h3 Rd8 12. Bf3 a5 13. Nd5 Qb8 14. a4 Qa7+ 15. Kh2 Rac8 16. Bh4 Re8 17. Bf2 Qb8 18. Qd2 Nd7 19. c3 b6 20. Qe2 Nc5 21. Nd2 Na7 22. Nc4 Bxd5 23. exd5 e6 24. Ne3 e5 25. f5 Rc7 26. g4 g5 27. f6 Bxf6 28. Nf5 Nc8 29. b4 Nb7 30. Qd2 e4 31. Be2 Rxc3 32. Bd4 Rd3 33. Nh6+ Kf8 34. Qxg5 1-0

[Event "24th Klatovy A 2016"]
[Site "Klatovy CZE"]
[Date "2016.07.04"]
[Round "3.26"]
[White "Psaila, Clarence"]
[Black "Maly, Filip"]
[Result "0-1"]
[WhiteElo "2080"]
[BlackElo "1954"]
[PlyCount "96"]
[EventDate "2016.07.02"]
[EventType "swiss"]
[EventRounds "9"]
[EventCountry "CZE"]

1. d4 Nf6 2. c4 g6 3. Nc3 Bg7 4. Nf3 O-O 5. g3 d6 6. Bg2 c6 7. O-O Qc7 8. h3 Nbd7 9. e4 e5 10. Re1 exd4 11. Nxd4 Rd8 12. Rb1 Nb6 13. b3 Be6 14. Nxe6 fxe6 15. Qf3 Nbd7 16. Bb2 e5 17. Rbd1 Nf8 18. Rd3 Ne6 19. Qd1 Nd4 20. Ne2 c5 21. Bxd4 cxd4 22. Rf3 Nxe4 23. Nxd4 Ng5 24. Rfe3 exd4 25. Re7 Rd7 26. Bd5+ Kf8 27. R7e4 Nxe4 28. Rxe4 Be5 29. Qd2 Bg7 30. f4 Bf6 31. f5 Re7 32. Rg4 Rae8 33. Qf4 d3 34. h4 Re1+ 35. Kg2 R8e2+ 36. Kh3 Qe7 37. fxg6 h6 38. Qf5 Re5 39. Qxd3 b6 40. Bg2 R1e2 41. Qf3 Rxa2 42. Bf1 Re3 43. Qd5 Re5 44. Qd3 Rb2 45. Rf4 Re3 46. Qd5 Rbxb3 47. Rg4 Be5 48. Qa8+ Kg7 0-1

[Event "24th Klatovy A 2016"]
[Site "Klatovy CZE"]
[Date "2016.07.04"]
[Round "3.27"]
[White "Turner, Radek"]
[Black "Kotal, Vaclav"]
[Result "1-0"]
[WhiteElo "2077"]
[BlackElo "1886"]
[PlyCount "143"]
[EventDate "2016.07.02"]
[EventType "swiss"]
[EventRounds "9"]
[EventCountry "CZE"]

1. c4 Nf6 2. g3 g6 3. Bg2 d5 4. cxd5 Nxd5 5. Nc3 Nb6 6. Nf3 Bg7 7. d3 Nc6 8. Be3 O-O 9. Qd2 e5 10. Bh6 Re8 11. h4 Bg4 12. h5 gxh5 13. Bxg7 Kxg7 14. Nh4 h6 15. Bxc6 bxc6 16. f3 Be6 17. O-O-O Rb8 18. e4 c5 19. g4 Qg5 20. Nf5+ Bxf5 21. gxf5 Kf6 22. Qxg5+ hxg5 23. Rxh5 Rh8 24. Rdh1 Rxh5 25. Rxh5 a6 26. b3 Rd8 27. Kc2 Rd6 28. a4 c6 29. Nd1 Ke7 30. Rxg5 Rh6 31. Rg2 Rh3 32. Rf2 Rh4 33. Ne3 Nd7 34. Ng4 Kd6 35. Rh2 Rxh2+ 36. Nxh2 Nf6 37. Kc3 Nh7 38. b4 Ng5 39. Kc4 cxb4 40. Kxb4 Kc7 41. Kc5 a5 42. d4 f6 43. dxe5 fxe5 44. Ng4 Nxf3 45. Nf2 Ng5 46. Kc4 Kd6 47. f6 Nf7 48. Ng4 Ng5 49. Nf2 Nf7 50. Nd3 Ng5 51. Nc5 Kc7 52. Kd3 Nf7 53. Nb3 Kb6 54. Ke3 Ng5 55. Ke2 c5 56. Nd2 Kc7 57. Kd3 Kd7 58. Nc4 Ke6 59. Nxa5 Kxf6 60. Nc4 Ne6 61. a5 Nc7 62. Nb6 Ke6 63. Kc4 Kd6 64. Nd5 Ne6 65. Kb5 Nd4+ 66. Kb6 Nc6 67. Nc3 c4 68. a6 Kd7 69. Nb5 c3 70. Nxc3 Kd6 71. Nb5+ Kd7 72. a7 1-0

[Event "24th Klatovy A 2016"]
[Site "Klatovy CZE"]
[Date "2016.07.04"]
[Round "3.28"]
[White "Pick, Stepan"]
[Black "Oz, Ozan"]
[Result "1/2-1/2"]
[WhiteElo "2058"]
[BlackElo "1863"]
[PlyCount "40"]
[EventDate "2016.07.02"]
[EventType "swiss"]
[EventRounds "9"]
[EventCountry "CZE"]

1. d4 Nf6 2. Nf3 e6 3. e3 b6 4. Bd3 Bb7 5. O-O c5 6. c4 Be7 7. Nc3 d5 8. cxd5 exd5 9. b3 Nc6 10. Bb2 O-O 11. Ne2 Nb4 12. Bb1 c4 13. a3 Nc6 14. bxc4 dxc4 15. e4 Na5 16. d5 Re8 17. Qc2 Nd7 18. Ng3 g6 19. Ba2 Bf6 20. Bxf6 Qxf6 1/2-1/2

[Event "24th Klatovy A 2016"]
[Site "Klatovy CZE"]
[Date "2016.07.04"]
[Round "3.29"]
[White "Soural, Karel"]
[Black "Dobias, Daniel"]
[Result "1-0"]
[WhiteElo "2035"]
[BlackElo "1827"]
[PlyCount "65"]
[EventDate "2016.07.02"]
[EventType "swiss"]
[EventRounds "9"]
[EventCountry "CZE"]

1. e4 e6 2. d4 d5 3. exd5 exd5 4. Bd3 Nc6 5. Nf3 Bg4 6. c3 Bd6 7. Be3 Qd7 8. Nbd2 Nge7 9. Qc2 Nf5 10. O-O-O Nxe3 11. fxe3 O-O-O 12. e4 dxe4 13. Bxe4 Bf4 14. h3 Be6 15. Qa4 Bd5 16. Bd3 Rhe8 17. Qc2 g6 18. Kb1 Bxd2 19. Qxd2 Na5 20. b3 Re6 21. Ne5 Qe7 22. c4 Nxb3 23. axb3 Rb6 24. Kc2 Qa3 25. Rb1 f6 26. Nf3 Bxf3 27. gxf3 Kb8 28. c5 Rb4 29. Bc4 Rxc4+ 30. bxc4 Qa2+ 31. Rb2 Qxc4+ 32. Kb1 Rxd4 33. Qe2 1-0

[Event "24th Klatovy A 2016"]
[Site "Klatovy CZE"]
[Date "2016.07.04"]
[Round "3.30"]
[White "Gumustas, Ilgaz"]
[Black "Zilavy, Jan"]
[Result "0-1"]
[WhiteElo "1797"]
[BlackElo "2030"]
[PlyCount "100"]
[EventDate "2016.07.02"]
[EventType "swiss"]
[EventRounds "9"]
[EventCountry "CZE"]

1. e4 e6 2. d3 d5 3. Nd2 c5 4. Ngf3 Nc6 5. g3 g6 6. Bg2 Bg7 7. O-O Nge7 8. Re1 O-O 9. c3 b6 10. e5 Qc7 11. Qe2 Ba6 12. Nf1 Rac8 13. Bf4 Rfd8 14. h4 b5 15. N1h2 d4 16. Ng4 dxc3 17. Nf6+ Kh8 18. Ng5 Nd5 19. Bxd5 Nd4 20. Qd1 cxb2 21. Rb1 h6 22. Be4 hxg5 23. hxg5 Bxf6 24. gxf6 Rd5 25. Qg4 Rxe5 26. Bxe5 Qxe5 27. Bb7 Qxf6 28. Bxa6 Nf3+ 29. Kg2 Nxe1+ 30. Rxe1 Rb8 31. Qf3 Qxf3+ 32. Kxf3 Rb6 33. Rb1 Rxa6 34. Rxb2 Rb6 35. Ke4 Kg7 36. d4 c4 37. d5 exd5+ 38. Kxd5 c3 39. Rc2 b4 40. Kc5 Kf6 41. Re2 b3 42. axb3 Rxb3 43. Rc2 a5 44. Kc4 a4 45. Kd3 Rb2 46. Rxc3 Rb3 47. Rxb3 axb3 48. Kc3 Ke5 49. f3 b2 50. Kxb2 Kd4 0-1

[Event "24th Klatovy A 2016"]
[Site "Klatovy CZE"]
[Date "2016.07.04"]
[Round "3.31"]
[White "Hlozek, David"]
[Black "Zizka, Petr"]
[Result "0-1"]
[WhiteElo "1677"]
[BlackElo "2004"]
[PlyCount "89"]
[EventDate "2016.07.02"]
[EventType "swiss"]
[EventRounds "9"]
[EventCountry "CZE"]

1. e4 d6 2. d4 Nf6 3. Nc3 c6 4. Nf3 Bg4 5. h3 Bh5 6. g4 Bg6 7. Bd3 Nbd7 8. Be3 Qa5 9. Qd2 a6 10. a3 e5 11. Nh4 Be7 12. Nf5 Bxf5 13. gxf5 exd4 14. Bxd4 Ne5 15. Bxe5 dxe5 16. O-O-O b5 17. Na2 Qc7 18. Qc3 c5 19. Nb4 Ra7 20. Nd5 Nxd5 21. exd5 Bf6 22. Be4 Qd6 23. Qe3 Rb7 24. Bg2 O-O 25. Rhf1 b4 26. a4 b3 27. c3 h6 28. Kb1 Rc7 29. f4 c4 30. fxe5 Bxe5 31. f6 Bxf6 32. Be4 Bg5 33. Qf2 Re8 34. Qg2 Qd7 35. h4 Bxh4 36. Rf5 Qxa4 37. Rg1 f6 38. d6 Rd7 39. Ra5 Qxa5 40. Qg6 Rxe4 41. Qxe4 Qa2+ 42. Kc1 Qa1+ 43. Kd2 Qxb2+ 44. Ke3 Qxc3+ 45. Kf4 0-1

[Event "24th Klatovy A 2016"]
[Site "Klatovy CZE"]
[Date "2016.07.04"]
[Round "3.32"]
[White "Hlavac, Rudolf"]
[Black "Barrish, Daniel"]
[Result "0-1"]
[WhiteElo "1983"]
[BlackElo "2183"]
[PlyCount "76"]
[EventDate "2016.07.02"]
[EventType "swiss"]
[EventRounds "9"]
[EventCountry "CZE"]

1. e4 c5 2. Nf3 e6 3. c3 Nf6 4. e5 Nd5 5. Bc4 d6 6. d4 cxd4 7. cxd4 Nc6 8. O-O Be7 9. Nbd2 Nb6 10. exd6 Bxd6 11. Bb3 h6 12. Ne4 Be7 13. Bf4 Nd5 14. Bg3 O-O 15. Rc1 f5 16. Qd3 fxe4 17. Qxe4 Bg5 18. Rc5 Nce7 19. Be5 b6 20. Nxg5 hxg5 21. Rcc1 Qe8 22. Bd6 Rf7 23. Rfe1 Bd7 24. Bxe7 Nxe7 25. Bxe6 Bxe6 26. Qxe6 Qd8 27. Qe4 Qd5 28. f3 Rd8 29. Rc7 Qxe4 30. Rxe4 Nf5 31. Rxf7 Kxf7 32. f4 Rxd4 33. Rxd4 Nxd4 34. fxg5 Kg6 35. h4 Nf5 36. g3 Nxg3 37. Kg2 Nf5 38. Kh3 Kh5 0-1

[Event "24th Klatovy A 2016"]
[Site "Klatovy CZE"]
[Date "2016.07.04"]
[Round "3.33"]
[White "Kaderabek, Jiri"]
[Black "Cecil, Pavel"]
[Result "1-0"]
[WhiteElo "2125"]
[BlackElo "1929"]
[PlyCount "63"]
[EventDate "2016.07.02"]
[EventType "swiss"]
[EventRounds "9"]
[EventCountry "CZE"]

1. e4 e6 2. d4 d5 3. Nc3 Nf6 4. Bg5 dxe4 5. Nxe4 Nbd7 6. Nxf6+ Nxf6 7. Nf3 h6 8. Bxf6 Qxf6 9. c3 Bd6 10. Bb5+ c6 11. Ba4 O-O 12. O-O b5 13. Bc2 Bb7 14. Qe2 b4 15. Qe4 g6 16. Ne5 Rfd8 17. Rfd1 Qe7 18. Qe3 Bxe5 19. dxe5 Kg7 20. Be4 c5 21. Bxb7 Qxb7 22. c4 Qc7 23. h4 Rac8 24. Qf4 Qe7 25. Rd6 Rxd6 26. exd6 Qf6 27. d7 Rd8 28. Qc7 a5 29. Rd1 Qe7 30. b3 h5 31. Rd6 Kg8 32. Qxc5 1-0

[Event "24th Klatovy A 2016"]
[Site "Klatovy CZE"]
[Date "2016.07.04"]
[Round "3.34"]
[White "Parizek, Vojtech"]
[Black "Danek, Vaclav"]
[Result "0-1"]
[WhiteElo "2104"]
[BlackElo "1921"]
[PlyCount "92"]
[EventDate "2016.07.02"]
[EventType "swiss"]
[EventRounds "9"]
[EventCountry "CZE"]

1. e4 e5 2. Nf3 Nc6 3. Bb5 a6 4. Ba4 Nf6 5. O-O Be7 6. Re1 b5 7. Bb3 d6 8. c3 O-O 9. h3 Na5 10. Bc2 c5 11. d4 cxd4 12. cxd4 Bb7 13. Nbd2 Nc6 14. d5 Nb8 15. Nf1 Ne8 16. g4 Nd7 17. Ng3 Kh8 18. Be3 Ndf6 19. Qd2 Bc8 20. Ng5 Ng8 21. Nf3 g6 22. a4 bxa4 23. Bxa4 Bd7 24. Qe2 Ng7 25. Bxd7 Qxd7 26. Nh2 a5 27. f3 Bh4 28. Bf2 a4 29. Ra3 Bg5 30. Rea1 f5 31. b3 h5 32. bxa4 Nf6 33. Ngf1 fxe4 34. fxe4 Ra5 35. h4 Bf4 36. g5 Ng4 37. Nxg4 hxg4 38. Be1 Raa8 39. Nh2 g3 40. Bxg3 Bxg3 41. Rxg3 Rxa4 42. Rxa4 Qxa4 43. Rf3 Rc8 44. Ng4 Nh5 45. Re3 Rc1+ 46. Kf2 Rc2 0-1

[Event "24th Klatovy A 2016"]
[Site "Klatovy CZE"]
[Date "2016.07.04"]
[Round "3.35"]
[White "Mueller, Michael3"]
[Black "Dungl, Petr"]
[Result "1/2-1/2"]
[WhiteElo "2102"]
[BlackElo "1902"]
[PlyCount "24"]
[EventDate "2016.07.02"]
[EventType "swiss"]
[EventRounds "9"]
[EventCountry "CZE"]

1. e4 c5 2. c4 Nc6 3. Nc3 d6 4. g3 g6 5. Bg2 Bg7 6. Nge2 e6 7. d3 Nge7 8. O-O Nd4 9. Nxd4 Bxd4 10. Ne2 Bg7 11. d4 O-O 12. b3 Rb8 1/2-1/2

[Event "24th Klatovy A 2016"]
[Site "Klatovy CZE"]
[Date "2016.07.04"]
[Round "3.36"]
[White "Bottema, Timo"]
[Black "Hacaperka, Michal"]
[Result "1-0"]
[WhiteElo "2065"]
[BlackElo "1887"]
[PlyCount "75"]
[EventDate "2016.07.02"]
[EventType "swiss"]
[EventRounds "9"]
[EventCountry "CZE"]

1. e4 c5 2. Nf3 d6 3. d4 cxd4 4. Nxd4 Nf6 5. Nc3 a6 6. Be2 e5 7. Nb3 Be7 8. O-O O-O 9. Be3 Be6 10. Qd3 Nbd7 11. Nd5 Bxd5 12. exd5 Nc5 13. Nxc5 dxc5 14. c4 Bd6 15. Bg5 h6 16. Bd2 Qc7 17. Qf5 Qd7 18. Bg4 Qxf5 19. Bxf5 g6 20. Bh3 Kh7 21. Rae1 Nh5 22. Bc3 Rae8 23. Re3 Re7 24. Rfe1 Rfe8 25. Bg4 Ng7 26. Bd1 Nf5 27. Rh3 Nd4 28. Bd2 h5 29. g4 f6 30. gxh5 g5 31. Be2 Nxe2+ 32. Rxe2 Kh6 33. Rf3 Rf8 34. h4 Kxh5 35. hxg5 e4 36. Rxf6 Rxf6 37. gxf6 Re5 38. Bf4 1-0

[Event "24th Klatovy A 2016"]
[Site "Klatovy CZE"]
[Date "2016.07.04"]
[Round "3.37"]
[White "Vevera, Radek"]
[Black "Sysel, Jaroslav"]
[Result "0-1"]
[WhiteElo "2000"]
[BlackElo "1879"]
[PlyCount "62"]
[EventDate "2016.07.02"]
[EventType "swiss"]
[EventRounds "9"]
[EventCountry "CZE"]

1. e4 c5 2. Nf3 d6 3. d4 cxd4 4. Nxd4 Nf6 5. Nc3 a6 6. Bg5 e6 7. f4 Be7 8. Qf3 Nbd7 9. O-O-O Qa5 10. Bd3 Nc5 11. Rhe1 O-O 12. e5 Nxd3+ 13. Rxd3 dxe5 14. fxe5 Nd5 15. Bxe7 Nxe7 16. Qh5 Ng6 17. Rh3 h6 18. Rg3 b5 19. a3 Qb6 20. Qg4 Rd8 21. Nf3 Bb7 22. h4 h5 23. Qg5 a5 24. Ne4 Bxe4 25. Rxe4 Qf2 26. Ne1 Rac8 27. Rf3 Qg1 28. Qxh5 Rc4 29. Re2 Rcd4 30. Rd3 Rxd3 31. cxd3 Nf4 0-1

[Event "24th Klatovy A 2016"]
[Site "Klatovy CZE"]
[Date "2016.07.04"]
[Round "3.38"]
[White "Novy, Daniel"]
[Black "Ruzicka, Ondrej"]
[Result "1/2-1/2"]
[WhiteElo "1987"]
[BlackElo "1863"]
[PlyCount "36"]
[EventDate "2016.07.02"]
[EventType "swiss"]
[EventRounds "9"]
[EventCountry "CZE"]

1. e4 c5 2. Nf3 d6 3. d4 cxd4 4. Nxd4 Nf6 5. Nc3 a6 6. Bd3 e5 7. Nde2 Be7 8. h3 Nbd7 9. Be3 b5 10. a3 Bb7 11. Ng3 g6 12. O-O O-O 13. f4 d5 14. exd5 exf4 15. Bxf4 Nb6 16. Qe2 Bc5+ 17. Kh1 Re8 18. Qd2 Nbxd5 1/2-1/2

[Event "24th Klatovy A 2016"]
[Site "Klatovy CZE"]
[Date "2016.07.04"]
[Round "3.39"]
[White "Novak, Jaromir"]
[Black "Skopec, Lubos"]
[Result "0-1"]
[WhiteElo "1904"]
[BlackElo "1985"]
[PlyCount "94"]
[EventDate "2016.07.02"]
[EventType "swiss"]
[EventRounds "9"]
[EventCountry "CZE"]

1. d4 Nf6 2. Nf3 e6 3. c4 d5 4. Nc3 Be7 5. e3 O-O 6. Bd3 Nbd7 7. O-O dxc4 8. Bxc4 Nb6 9. Bd3 c5 10. dxc5 Bxc5 11. e4 Ng4 12. h3 Nxf2 13. Rxf2 Bxf2+ 14. Kxf2 e5 15. Bg5 f6 16. Bh4 Qe7 17. Kg1 Be6 18. Qe2 Rac8 19. Bf2 Rfd8 20. Re1 Qf7 21. Bb5 Bc4 22. Bxc4 Qxc4 23. Qxc4+ Nxc4 24. Nd5 Kf7 25. b3 Nb6 26. Nb4 Rd6 27. Re2 Rc1+ 28. Kh2 Nc8 29. Kg3 b6 30. Rc2 Rxc2 31. Nxc2 Rd1 32. b4 Nd6 33. Be3 Nxe4+ 34. Kh2 Ke6 35. a4 Nc3 36. a5 Nd5 37. axb6 axb6 38. Bf2 Rb1 39. b5 Rb2 40. Nfe1 Rxb5 41. Na3 Rb2 42. Bg1 f5 43. Nac2 b5 44. Bc5 b4 45. Kg1 b3 46. Ne3 Nxe3 47. Bxe3 Re2 0-1

[Event "24th Klatovy A 2016"]
[Site "Klatovy CZE"]
[Date "2016.07.04"]
[Round "3.40"]
[White "Mackova, Veronika"]
[Black "Hajek, Jiri2"]
[Result "0-1"]
[WhiteElo "1902"]
[BlackElo "1981"]
[PlyCount "84"]
[EventDate "2016.07.02"]
[EventType "swiss"]
[EventRounds "9"]
[EventCountry "CZE"]

1. c4 Nf6 2. Nc3 g6 3. d4 Bg7 4. e4 d6 5. Nf3 Bg4 6. h3 Bxf3 7. gxf3 O-O 8. Be3 Nbd7 9. Qd2 c6 10. Bh6 Qa5 11. Bxg7 Kxg7 12. Be2 e5 13. d5 cxd5 14. cxd5 Nh5 15. Nb5 Qb6 16. O-O a6 17. Na3 Qd8 18. Nc4 Nf4 19. Ne3 Nxh3+ 20. Kh2 Nf4 21. Ng2 Nxg2 22. Kxg2 Nf6 23. Rh1 Nh5 24. Rh2 Nf4+ 25. Kh1 Rc8 26. Rg1 Qc7 27. Bd3 Qb6 28. Rg4 Qd4 29. Rxf4 exf4 30. Qxf4 h5 31. Qe3 Qxe3 32. fxe3 Rc1+ 33. Kg2 Rd1 34. Bc4 Rd2+ 35. Kg3 Rxh2 36. Kxh2 Rc8 37. Bb3 Kf6 38. Kg3 g5 39. f4 g4 40. e5+ dxe5 41. fxe5+ Kxe5 42. d6 f5 0-1

[Event "24th Klatovy A 2016"]
[Site "Klatovy CZE"]
[Date "2016.07.04"]
[Round "3.41"]
[White "Lacina, Filip"]
[Black "Spicka, Jan"]
[Result "1/2-1/2"]
[WhiteElo "1981"]
[BlackElo "1833"]
[PlyCount "51"]
[EventDate "2016.07.02"]
[EventType "swiss"]
[EventRounds "9"]
[EventCountry "CZE"]

1. e4 c5 2. Nf3 Nc6 3. Nc3 e5 4. Bc4 Be7 5. d3 d6 6. Nd2 Bg5 7. h4 Bh6 8. Nf1 Bxc1 9. Qxc1 Nf6 10. Ne3 Be6 11. Ncd5 O-O 12. a3 a6 13. f3 b5 14. Ba2 Rc8 15. c3 Bxd5 16. Nxd5 Nxd5 17. Bxd5 Ne7 18. c4 Nxd5 19. exd5 f5 20. g3 e4 21. dxe4 fxe4 22. f4 Qa5+ 23. Qd2 Qxd2+ 24. Kxd2 bxc4 25. Kc3 Rb8 26. Kxc4 1/2-1/2